Thermodynamics (Record no. 612606)

000 -LEADER
fixed length control field 00338nam a22001457a 4500
020 ## - INTERNATIONAL STANDARD BOOK NUMBER
International Standard Book Number 0071168532
040 ## - CATALOGING SOURCE
Transcribing agency Nust
082 ## - DEWEY DECIMAL CLASSIFICATION NUMBER
Classification number 536.721
Author Mark WAR
100 ## - MAIN ENTRY--PERSONAL NAME
Personal name Kenneth Wark, Jr.
9 (RLIN) 125653
245 ## - TITLE STATEMENT
Title Thermodynamics
250 ## - EDITION STATEMENT
Edition statement 6th edition
260 ## - PUBLICATION, DISTRIBUTION, ETC.
Place of publication, distribution, etc. Boston:
Name of publisher, distributor, etc. McGraw Hill,
Date of publication, distribution, etc. 1999.
650 ## - SUBJECT ADDED ENTRY--TOPICAL TERM
Topical term or geographic name entry element Thermodynamics
942 ## - ADDED ENTRY ELEMENTS (KOHA)
Source of classification or shelving scheme
Koha item type Book
Holdings
Withdrawn status Lost status Source of classification or shelving scheme Damaged status Not for loan Permanent Location Current Location Shelving location Date acquired Total Checkouts Full call number Barcode Date last seen Price effective from Koha item type
          College of Electrical & Mechanical Engineering (CEME) College of Electrical & Mechanical Engineering (CEME) General Stacks 01/13/2025   536.721 WAR CEME- 34592 01/13/2025 01/13/2025 Book
© 2023 Central Library, National University of Sciences and Technology. All Rights Reserved.